00885nam a2200229 a 450000100100000000500170001000800410002702000150006804000250008308200150010810000410012324501050016426000330026930000280030249000270033050000790035750400400043683000340047604900090051095201190051999900170063800002546220200930023814.0110216s1999 gt a r 000 0 spa d a9992200642 aDO-SdBNPbspacBNPHU aNNNbR821p1 aRosito, Luis Franciscod1951-95208010aPlanificación y programación en levantamiento de pesas :bhalterofilia /cLuis Francisco Rosito. aGuatemala :bCultura,c1999. a160 p. :bil. ;c21 cm.1 aManuales deportivosv1 aIncluye datos bibliográficos del autor en la solapa de la contracubierta aIncluye bibliografía (p. 159-160) 0aManuales deportivosv1952081 aBNGR 001054708MOaGRbGRcCTd2011-02-16iLF1l0oNNN R821pp25462-10r2020-06-25w2020-06-25y4ZPréstamo en sala c24954d24954